The 5AM club : (Record no. 9574)
[ view plain ]
| 000 -LEADER | |
|---|---|
| fixed length control field | 02354nam a22002297a 4500 |
| 001 - CONTROL NUMBER | |
| control field | 9574 |
| 003 - CONTROL NUMBER IDENTIFIER | |
| control field | FISKH |
| 005 - DATE AND TIME OF LATEST TRANSACTION | |
| control field | 20260123151702.0 |
| 008 - FIXED-LENGTH DATA ELEMENTS--GENERAL INFORMATION | |
| fixed length control field | 260123b cb ||||| |||| 00| 0 eng d |
| 020 ## - INTERNATIONAL STANDARD BOOK NUMBER | |
| International Standard Book Number | 9789387944893 |
| 040 ## - CATALOGING SOURCE | |
| Original cataloging agency | FISKH |
| Language of cataloging | eng |
| Transcribing agency | FISKH |
| Modifying agency | FISKH |
| 050 ## - LIBRARY OF CONGRESS CALL NUMBER | |
| Classification number | BF637 .S8 .S429 |
| 082 ## - DEWEY DECIMAL CLASSIFICATION NUMBER | |
| Classification number | 158.1 |
| 100 ## - MAIN ENTRY--PERSONAL NAME | |
| Personal name | Sharma, Robin |
| 245 ## - TITLE STATEMENT | |
| Title | The 5AM club : |
| Remainder of title | Own your morning, elevate your life / |
| Statement of responsibility, etc. | Robin Sharma |
| 260 ## - PUBLICATION, DISTRIBUTION, ETC. | |
| Place of publication, distribution, etc. | Delhi : |
| Name of publisher, distributor, etc. | Jaico Publishiing House, |
| Date of publication, distribution, etc. | 2018. |
| 300 ## - PHYSICAL DESCRIPTION | |
| Extent | 314 pages : |
| Dimensions | 23 cm |
| 520 ## - SUMMARY, ETC. | |
| Summary, etc. | Legendary leadership and elite performance expert Robin Sharma introduced The 5am Club concept over twenty years ago, based on a revolutionary morning routine that has helped his clients maximize their productivity, activate their best health and bulletproof their serenity in this age of overwhelming complexity. Now, in this life-changing book, handcrafted by the author over a rigorous four-year period, you will discover the early-rising habit that has helped so many accomplish epic results while upgrading their happiness, helpfulness and feelings of aliveness. Through an enchanting-and often amusing-story about two struggling strangers who meet an eccentric tycoon who becomes their secret mentor, The 5am Club will walk you through: How great geniuses, business titans and the world's wisest people start their mornings to produce astonishing achievements. A little-known formula you can use instantly to wake up early feeling inspired, focused and flooded with a fiery drive to get the most out of each day. A step-by-step method to protect the quietest hours of daybreak so you have time for exercise, self-renewal and personal growth. A neuroscience-based practice proven to help make it easy to rise while most people are sleeping, giving you precious time for yourself to think, express your creativity and begin the day peacefully instead of being rushed "Insider-only" tactics to defend your gifts, talents and dreams against digital distraction and trivial diversions so you enjoy fortune, influence and a magnificent impact on the world. Part manifesto for mastery, part playbook for genius-grade productivity and part companion for a life lived beautifully, The 5am Club is a work that will transform your life. Forever. |
| 650 ## - SUBJECT ADDED ENTRY--TOPICAL TERM | |
| Topical term or geographic name entry element | Productividad |
| Form subdivision | Self-help |
| 942 ## - ADDED ENTRY ELEMENTS (KOHA) | |
| Source of classification or shelving scheme | Dewey Decimal Classification |
| Koha item type | Books |
| Suppress in OPAC | No |
| Withdrawn status | Lost status | Source of classification or shelving scheme | Damaged status | Not for loan | Collection | Home library | Current library | Shelving location | Date acquired | Total Checkouts | Full call number | Barcode | Date due | Date last seen | Date last checked out | Copy number | Price effective from | Koha item type |
|---|---|---|---|---|---|---|---|---|---|---|---|---|---|---|---|---|---|---|
| Dewey Decimal Classification | Non-Fiction | Footprints International School Library Network Toul Kork Campus | Footprints International School Library Network Toul Kork Campus | A TK Campus, 4th Floor, Room B401, Non-Fiction Bookcases(7-8) | 01/23/2026 | 2 | SHA 158.1 BF637 .S8 .S429 | 2026-0091 | 04/03/2026 | 03/20/2026 | 03/20/2026 | 1 | 01/23/2026 | Books |
